Word Scramble - Places in Scotland - Statistics

General Stats
  • This quiz has been taken 37 times
    33 since last reset
  • The average score is 13 of 20
Answer Stats
Council Area Town/City % Correct
Aberdeen City Aberdeen
100%
South Ayrshire Ayr
100%
Highland Wick
100%
City of Edinburgh Edinburgh
92%
Stirling Stirling
91%
Glasgow City Glasgow
90%
North Lanarkshire Airdrie
88%
Perth and Kinross Perth
88%
Clackmannanshire Alloa
86%
Dumfries and Galloway Dumfries
86%
Shetland Islands Lerwick
86%
Dundee City Dundee
83%
Falkirk Falkirk
83%
Moray Elgin
78%
West Dunbartonshire Dumbarton
75%
Fife Kirkcaldy
75%
West Lothian Livingston
75%
Highland Inverness
71%
Renfrewshire Paisley
70%
North Ayrshire Largs
63%
Aberdeenshire Banff
62%
East Lothian Dunbar
60%
Fife Dunfermline
60%
Scottish Borders Galashiels
60%
East Ayrshire Kilmarnock
60%
Orkney Islands Kirkwall
60%
Dumfries and Galloway Stranraer
60%
North Lanarkshire Cumbernauld
57%
West Lothian Linlithgow
57%
Argyll and Bute Oban
57%
Western Isles Stornoway
57%
Aberdeenshire Fraserburgh
56%
South Ayrshire Troon
56%
Highland Ullapool
56%
Dumfries and Galloway Kirkcudbright
50%
North Lanarkshire Motherwell
50%
South Lanarkshire Hamilton
40%
Highland Portree
40%
Angus Arbroath
36%
Dumfries and Galloway Lockerbie
36%
Aberdeenshire Peterhead
36%
Stirling Dunblane
33%
Orkney Islands Stromness
33%
Highland Thurso
22%
No matching quizzes found
Score Distribution
Percent of People with Each Score
Percentile by Number Answered
Your Score History
You have not taken this quiz since the last reset